Statystyki dla Państwa leżące w pierścieniu na mapie świata

Kliknij tutaj aby rozwiązać quiz!

Ogólne statystyki

  • Ten quiz został rozwiązany 37 043 razy
  • Średni wynik to 23 z 31

Odpowiedzi na mapie

Odpowiedzi skodowane kolorowo w zielono-czerwonej skali na mapie do tego quizu, zgodnie z poniższymi procentami.
 

Statystyki odpowiedzi

Kraj% Poprawnych
Kanada
99%
Stany Zjednoczone
99%
Meksyk
97%
Francja
96%
Hiszpania
96%
Wielka Brytania
95%
Irlandia
94%
Islandia
94%
Brazylia
93%
Dania
93%
Kolumbia
86%
Maroko
84%
Wenezuela
84%
Algieria
83%
Andora
82%
Panama
81%
Gujana
70%
Honduras
69%
Kostaryka
66%
Surinam
65%
Mali
64%
Senegal
63%
Gwatemala
61%
Nikaragua
61%
Salwador
60%
Belize
57%
Gwinea
56%
Mauretania
56%
Gambia
46%
Gwinea Bissau
45%
Sierra Leone
43%

Rozkład punktacji

Percentyl według liczby udzielonych odpowiedzi

Procent ludzi z każdym wynikiem

Twoja historia wyników

Nie rozwiązałeś tego quizu